00640 2200229 4500001002100000005001500021035002000036245010000056100002200156250000600178300003500184700001600219260004400235082001200279084001800291020002200309650001100331990001700342990001700359990001700376990001700393INLIS00000000000051520181201100110 a0010-12180000011 aSport For Kids :bLangkah Menjadi Pemain Basket Hebat /cDrs. Sugiarto M.M; Editor, Weny Rahayu0 aDrs. Sugiarto M.M a- avi, 58 hlm. :bilus. ;c25 cm.0 aWeny Rahayu aJakarta :bPT Mediantara Semesta,c2009 a796.312 a796.312 SUG s a978-602-8181-14-3 aBasket a01829/H/2018 a01830/H/2018 a01831/H/2018 a01832/H/2018